[Event "Qatar Masters Open 2023"]
[Site "Doha QAT"]
[Date "2023.10.15"]
[Round "5.9"]
[White "Visakh, N R"]
[Black "Karthikeyan, Murali"]
[Result "0-1"]
[WhiteTitle "GM"]
[BlackTitle "GM"]
[WhiteElo "2547"]
[BlackElo "2611"]
[WhiteFideId "25012223"]
[BlackFideId "5074452"]
[EventDate "2023.10.11"]

1. d4 Nf6 2. c4 e6 3. Nc3 Bb4 4. f3 c5 5. d5 b5 6. e4 O-O 7. e5 Ne8 8. f4 exd5
9. cxd5 d6 10. Nf3 Nc7 11. Bd3 Bg4 12. O-O c4 13. Bc2 Nd7 14. Qe1 Bxf3 15. Rxf3
Re8 16. Rh3 Nf8 17. Qg3 dxe5 18. fxe5 Nxd5 19. Bg5 Be7 20. Rd1 Qb6+ 21. Kh1 Nxc3
22. bxc3 Bxg5 23. Qxg5 Qf2 24. Be4 Rad8 25. Rg1 Qd2 26. Qg3 g6 27. Bc6 Re6 28.
Bxb5 Qd5 29. Qh4 Rc8 30. Ba4 Rxe5 31. Bd1 Rce8 32. Bf3 Qc5 33. Qd4 Ne6 34. Qxc5
Nxc5 35. Rh4 Ne4 36. h3 Nd2 37. Bc6 R8e6 38. Rd4 Rxc6 39. Rxd2 Re3 40. Rd7 Rf6
41. Rxa7 Rxc3 42. a4 Rc2 43. Rc7 Rf5 44. Ra1 Rg5 45. Rg1 h5 46. Rf1 Rgxg2 47.
Rfxf7 Rgd2 48. Rg7+ Kf8 49. Rcf7+ Ke8 50. Re7+ Kd8 51. Re1 Rh2+ 52. Kg1 Rhg2+
53. Kh1 c3 54. Rge7 Rh2+ 55. Kg1 Rcg2+ 56. Kf1 c2 57. a5 Rf2+ 58. Kg1 Re2 0-1

[Event "Qatar Masters Open 2023"]
[Site "Doha QAT"]
[Date "2023.10.15"]
[Round "5.10"]
[White "Sankalp, Gupta"]
[Black "Vakhidov, Jakhongir"]
[Result "1/2-1/2"]
[WhiteTitle "GM"]
[BlackTitle "GM"]
[WhiteElo "2518"]
[BlackElo "2607"]
[WhiteFideId "5097010"]
[BlackFideId "14201801"]
[EventDate "2023.10.11"]

1. e4 c5 2. Nf3 Nc6 3. d4 cxd4 4. Nxd4 e5 5. Nb5 d6 6. c4 a6 7. N5a3 Be6 8. Nc3
Nf6 9. Bd3 g6 10. Nd5 Bg7 11. Nc2 O-O 12. Be3 Nd7 13. b4 f5 14. f3 a5 15. a3
axb4 16. axb4 Rxa1 17. Qxa1 Bxd5 18. cxd5 fxe4 19. Bxe4 Nd4 20. Nxd4 exd4 21.
Bxd4 Qh4+ 22. g3 Bxd4 23. Qxd4 Qh3 24. f4 g5 25. Kd2 Nf6 26. fxg5 Ng4 27. Kc1
Ne5 28. Kb1 Qg4 29. Rc1 Qe2 30. Bc2 Rf7 31. h4 b5 32. Bd1 Qg2 33. Rc8+ Rf8 34.
Rxf8+ Kxf8 35. Qf4+ Kg8 36. Bc2 Qg1+ 37. Ka2 Qa7+ 38. Kb1 Qg1+ 39. Ka2 Qa7+ 40.
Kb3 Nc4 41. Bf5 Qa4+ 42. Kc3 Qa1+ 43. Kc2 Qa4+ 44. Kc3 Qa1+ 45. Kc2 Qa4+ 1/2-1/2

[Event "Qatar Masters Open 2023"]
[Site "Doha QAT"]
[Date "2023.10.15"]
[Round "5.11"]
[White "Paravyan, David"]
[Black "Fawzy, Adham"]
[Result "1-0"]
[WhiteTitle "GM"]
[BlackTitle "GM"]
[WhiteElo "2599"]
[BlackElo "2535"]
[WhiteFideId "4194985"]
[BlackFideId "10613129"]
[EventDate "2023.10.11"]

1. Nf3 Nf6 2. c4 g6 3. Nc3 Bg7 4. e4 d6 5. d4 O-O 6. Be2 Na6 7. O-O e5 8. Re1
Qe7 9. Bg5 exd4 10. Nd5 Qd8 11. Qxd4 Nxd5 12. Bxd8 Bxd4 13. Nxd4 Nc3 14. Bh4
Nxe2+ 15. Rxe2 f6 16. f4 Nc5 17. Nb5 Rf7 18. h3 a6 19. Nc3 Be6 20. b3 b5 21.
cxb5 axb5 22. Rd1 Rb8 23. Bf2 Na6 24. g4 Bd7 25. Nd5 Re8 26. Bd4 f5 27. gxf5
Bxf5 28. Nf6+ Rxf6 29. Bxf6 Nc5 30. e5 Nd3 31. Rc2 dxe5 32. fxe5 c5 33. Rc3 c4
34. bxc4 bxc4 35. Ra1 Be6 36. a4 Ra8 37. a5 Ra6 38. h4 Kf7 39. Kf1 Ke8 40. Ke2
Nc5 41. Ke3 Nb3 42. Ra4 Kd7 43. Rb4 Nc5 44. Ra3 Kc6 45. Kd4 Nb7 46. Rb6+ Rxb6
47. axb6 Kxb6 48. Be7 Kb5 49. Ra8 Na5 50. Rb8+ Kc6 51. Rd8 Nb7 52. Rh8 h5 53.
Bb4 Kb5 54. Re8 Bf5 55. Rb8 Kc6 56. Kxc4 Kc7 57. Ra8 Kd7 58. Ra7 Be4 59. Kd4 Bc6
60. Bd2 1-0

[Event "Qatar Masters Open 2023"]
[Site "Doha QAT"]
[Date "2023.10.15"]
[Round "5.12"]
[White "Kevlishvili, Robby"]
[Black "Sethuraman, S.P."]
[Result "1/2-1/2"]
[WhiteTitle "GM"]
[BlackTitle "GM"]
[WhiteElo "2521"]
[BlackElo "2598"]
[WhiteFideId "1040634"]
[BlackFideId "5021596"]
[EventDate "2023.10.11"]

1. e4 e5 2. Nf3 Nc6 3. Bc4 Nf6 4. Ng5 d5 5. exd5 Na5 6. Bb5+ c6 7. dxc6 bxc6 8.
Bd3 Nd5 9. Nf3 Bd6 10. Nc3 f5 11. Nxd5 cxd5 12. b4 Nc6 13. Bb5 Bd7 14. Bb2 O-O
15. Bxc6 Bxc6 16. Nxe5 Re8 17. f4 Qb6 18. a3 a5 19. Qf3 axb4 20. axb4 Bxe5 21.
fxe5 Qxb4 22. Rxa8 Rxa8 23. Qc3 Qe4+ 24. Kd1 Qxg2 25. Re1 Qg4+ 26. Kc1 Qc4 27.
e6 Qxc3 28. Bxc3 Ra4 29. d3 d4 30. Bb2 Kf8 31. Re5 g6 32. Rc5 Ra6 33. Bxd4 Ke7
34. Re5 Be8 35. Kd2 Rxe6 36. h4 f4 37. Ra5 h6 38. Bg7 f3 39. Re5 Rxe5 40. Bxe5
g5 41. hxg5 hxg5 42. Ke3 1/2-1/2

[Event "Qatar Masters Open 2023"]
[Site "Doha QAT"]
[Date "2023.10.15"]
[Round "5.13"]
[White "Ahmadzada, Ahmad"]
[Black "Kuybokarov, Temur"]
[Result "1/2-1/2"]
[WhiteTitle "IM"]
[BlackTitle "GM"]
[WhiteElo "2494"]
[BlackElo "2584"]
[WhiteFideId "13413007"]
[BlackFideId "14203049"]
[EventDate "2023.10.11"]

1. e4 e5 2. Nf3 Nc6 3. Nc3 Nf6 4. h3 Bb4 5. Nd5 Nxe4 6. Qe2 Nf6 7. Nxb4 Nxb4 8.
Qxe5+ Qe7 9. Qxe7+ Kxe7 10. Nd4 Re8 11. a3 Kf8+ 12. Be2 Nc6 13. Nf3 b6 14. d3
Bb7 15. Bf4 d6 16. Bh2 Ne5 17. Nxe5 dxe5 18. O-O c5 19. Rfe1 Re7 20. Rad1 Rae8
21. d4 cxd4 22. Bb5 Nd7 23. c3 f6 24. cxd4 a6 25. Bc4 b5 26. Bd3 g6 27. Rc1 Kf7
28. Bc2 Bd5 29. dxe5 Nxe5 30. Red1 Nc4 31. Bf4 Be6 32. Rb1 Bf5 33. Bxf5 gxf5 34.
b3 Nxa3 35. Rbc1 b4 36. Be3 a5 37. Rd3 f4 38. Bxf4 Re1+ 39. Rxe1 Rxe1+ 40. Kh2
Rb1 41. Bd6 Nb5 42. Bc5 Ke6 43. Bb6 Ra1 44. Bd8 Ra3 45. Re3+ Kf7 46. Re7+ Kg6
47. Re6 Nd4 48. Rxf6+ Kg7 49. Rf4 Nxb3 50. Bxa5 Rxa5 51. Rxb4 Nc5 52. Rg4+ Kf6
53. Rf4+ Ke6 54. Rh4 Ra7 55. Rh6+ Ke5 56. Rh5+ Kd4 57. Rf5 Ne4 58. g3 Re7 59.
Kg2 Nd2 60. Rf4+ Kd3 61. Rf6 Ke2 62. Rf5 Ke1 1/2-1/2

[Event "Qatar Masters Open 2023"]
[Site "Doha QAT"]
[Date "2023.10.15"]
[Round "5.14"]
[White "Vaishali, Rameshbabu"]
[Black "Vokhidov, Shamsiddin"]
[Result "1-0"]
[WhiteTitle "IM"]
[BlackTitle "GM"]
[WhiteElo "2448"]
[BlackElo "2578"]
[WhiteFideId "5091756"]
[BlackFideId "14204223"]
[EventDate "2023.10.11"]

1. e4 c5 2. Nf3 e6 3. d4 cxd4 4. Nxd4 a6 5. h3 Nc6 6. Nxc6 bxc6 7. Bd3 Nf6 8.
O-O d5 9. Nd2 Be7 10. b3 O-O 11. Bb2 a5 12. a4 Nd7 13. Re1 Bf6 14. Bxf6 Qxf6 15.
Nf3 Ba6 16. exd5 cxd5 17. Bxa6 Rxa6 18. c4 Rd6 19. Qd2 Nc5 20. Qxa5 Nxb3 21. Qb4
Nxa1 22. Qxd6 Nc2 23. Rb1 Qd8 24. c5 Na3 25. Rb7 Nc4 26. Qxd8 Rxd8 27. c6 Kf8
28. c7 Rc8 29. Rb8 Nd6 30. Nd4 Ke7 31. Nb5 d4 32. Kf1 f6 33. a5 Kd7 34. Nxd6
Rxc7 35. Nb5 1-0

[Event "Qatar Masters Open 2023"]
[Site "Doha QAT"]
[Date "2023.10.15"]
[Round "5.15"]
[White "Laxman, R.R."]
[Black "Aditya, Mittal"]
[Result "0-1"]
[WhiteTitle "GM"]
[BlackTitle "GM"]
[WhiteElo "2322"]
[BlackElo "2572"]
[WhiteFideId "5005361"]
[BlackFideId "35042025"]
[EventDate "2023.10.11"]

1. Nf3 d5 2. d4 Nf6 3. c4 e6 4. e3 Be7 5. Nbd2 O-O 6. Bd3 c5 7. dxc5 Nc6 8. a3
a5 9. O-O Bxc5 10. b3 d4 11. Ne4 Nxe4 12. Bxe4 dxe3 13. Bxe3 Bxe3 14. fxe3 Qb6
15. Qd3 f5 16. Bxc6 bxc6 17. Qc3 c5 18. Ne5 Bb7 19. Rad1 Rfd8 20. h3 Be4 21. Nf3
h6 22. Kh2 Rd6 23. b4 axb4 24. axb4 Qb8 0-1

[Event "Qatar Masters Open 2023"]
[Site "Doha QAT"]
[Date "2023.10.15"]
[Round "5.16"]
[White "Samadov, Read"]
[Black "Van Foreest, Jorden"]
[Result "0-1"]
[WhiteTitle "IM"]
[BlackTitle "GM"]
[WhiteElo "2492"]
[BlackElo "2707"]
[WhiteFideId "13417444"]
[BlackFideId "1039784"]
[EventDate "2023.10.11"]

1. d4 Nf6 2. c4 e6 3. Nf3 d5 4. g3 Be7 5. Bg2 O-O 6. O-O c6 7. Nc3 a5 8. Bf4
dxc4 9. Ne5 Nd5 10. Nxc4 Nxf4 11. gxf4 Nd7 12. e3 Nf6 13. Rc1 Nd5 14. Qc2 Kh8
15. Kh1 g6 16. a3 Rg8 17. Rg1 Rg7 18. Ne4 f6 19. Bf3 b6 20. Rg3 Bb7 21. Rcg1 Rc8
22. Rd1 c5 23. dxc5 Bxc5 24. Qb3 Rd7 25. Rgg1 Be7 26. a4 Rcc7 27. Bg2 Kg7 28.
Rd4 Nb4 29. Rxd7 Rxd7 30. Nc3 Ba6 31. h3 Nd3 32. Rf1 Bb4 33. Nb5 Ne1 34. Be4 f5
35. Bc6 Rd3 36. Qa2 Qh4 37. Kh2 Qh5 38. b3 Bxb5 39. axb5 Qd1 40. Qb2+ Bc3 41.
Qa3 Kf7 42. Nb2 Qe2 43. Nxd3 Qxf1 44. Nxe1 Bxe1 45. Qd6 Qxf2+ 46. Kh1 Qh4 47.
Qc7+ Kf8 48. Bg2 Bf2 49. Qxb6 Qf6 50. Qc5+ Kg7 51. Qc1 e5 52. Qc7+ Kh6 53. fxe5
Qg5 54. Qxa5 Qxe3 55. Qa1 f4 56. Qd1 Qxe5 57. Qf1 Bb6 58. Qf3 Qd4 59. Qf1 Kg5
60. Qe1 0-1

[Event "Qatar Masters Open 2023"]
[Site "Doha QAT"]
[Date "2023.10.15"]
[Round "5.17"]
[White "Nihal, Sarin"]
[Black "Nogerbek, Kazybek"]
[Result "1/2-1/2"]
[WhiteTitle "GM"]
[BlackTitle "IM"]
[WhiteElo "2694"]
[BlackElo "2471"]
[WhiteFideId "25092340"]
[BlackFideId "13710427"]
[EventDate "2023.10.11"]

1. d4 Nf6 2. c4 e6 3. Bf4 d5 4. cxd5 exd5 5. e3 Bd6 6. Bxd6 Qxd6 7. Bd3 O-O 8.
Nc3 c6 9. h3 Nbd7 10. Nf3 Qe7 11. Qc2 Re8 12. O-O a5 13. Na4 Ne4 14. a3 h6 15.
Rab1 Ng5 16. Nxg5 Qxg5 17. Kh2 Nf6 18. b4 Bxh3 19. gxh3 Ng4+ 20. hxg4 Qh4+ 21.
Kg2 Qxg4+ 22. Kh2 Qh4+ 23. Kg2 Qg4+ 24. Kh2 Qh4+ 25. Kg2 Qg4+ 1/2-1/2

[Event "Qatar Masters Open 2023"]
[Site "Doha QAT"]
[Date "2023.10.15"]
[Round "5.18"]
[White "Mousavi, Seyed Khalil"]
[Black "Oparin, Grigoriy"]
[Result "1/2-1/2"]
[WhiteTitle "GM"]
[BlackTitle "GM"]
[WhiteElo "2492"]
[BlackElo "2681"]
[WhiteFideId "12511099"]
[BlackFideId "24125890"]
[EventDate "2023.10.11"]

1. Nf3 Nf6 2. c4 b6 3. g3 Bb7 4. Bg2 c5 5. Nc3 g6 6. O-O Bg7 7. d3 O-O 8. e4 Nc6
9. Bf4 d6 10. Qd2 Ng4 11. h3 Nge5 12. Bh6 Nxf3+ 13. Bxf3 Bxh6 14. Qxh6 e6 15.
Bg2 Qd7 16. Rad1 Rae8 17. Ne2 f5 18. exf5 Rxf5 19. g4 Rf6 20. f4 Ref8 21. Rd2
R6f7 22. Bxc6 Bxc6 23. Nc3 d5 24. cxd5 exd5 25. Rdf2 Qd6 26. Rf3 Rf6 27. R1f2
Re6 28. d4 cxd4 29. Ne2 d3 30. Nd4 Ref6 31. Rxd3 Rxf4 32. Nf5 R8xf5 33. gxf5
Rxf2 34. Kxf2 Qh2+ 35. Ke1 Qg1+ 36. Kd2 Bb5 1/2-1/2

[Event "Qatar Masters Open 2023"]
[Site "Doha QAT"]
[Date "2023.10.15"]
[Round "5.19"]
[White "Aryan, Chopra"]
[Black "Gagare, Shardul"]
[Result "1-0"]
[WhiteTitle "GM"]
[BlackTitle "GM"]
[WhiteElo "2634"]
[BlackElo "2460"]
[WhiteFideId "5084423"]
[BlackFideId "5037883"]
[EventDate "2023.10.11"]

1. e4 e5 2. Nf3 Nc6 3. Bc4 Bc5 4. c3 Nf6 5. d3 d6 6. O-O h6 7. Re1 O-O 8. h3 Bb6
9. Nbd2 Ne7 10. Bb3 c6 11. d4 Ng6 12. Bc2 Re8 13. Nf1 d5 14. Nxe5 Nxe5 15. dxe5
Nxe4 16. Bxe4 dxe4 17. Qh5 Qd3 18. Bf4 Re6 19. Ng3 Rg6 20. Rad1 Qc4 21. Nxe4
Qxa2 22. Rd2 Be6 23. Kh2 Bd5 24. Bg3 Bxe4 25. Rxe4 Qb1 26. Rf4 Rd8 27. Rxd8+
Bxd8 28. Qf3 Qa2 29. c4 Bg5 30. Rxf7 Qxc4 31. Rxb7 Kh7 32. Qf8 Qg8 33. Qxg8+
Kxg8 34. f4 1-0

[Event "Qatar Masters Open 2023"]
[Site "Doha QAT"]
[Date "2023.10.15"]
[Round "5.20"]
[White "Mendonca, Leon Luke"]
[Black "Baskin, Robert"]
[Result "1/2-1/2"]
[WhiteTitle "GM"]
[BlackTitle "IM"]
[WhiteElo "2622"]
[BlackElo "2451"]
[WhiteFideId "35028561"]
[BlackFideId "24662402"]
[EventDate "2023.10.11"]

1. e4 c5 2. Nf3 d6 3. d4 cxd4 4. Nxd4 Nf6 5. Nc3 a6 6. Bc4 e6 7. O-O b5 8. Bd3
e5 9. Nde2 Be7 10. Ng3 O-O 11. f4 Nc6 12. a4 b4 13. Nd5 Nxd5 14. exd5 exf4 15.
Rxf4 Qb6+ 16. Kh1 Ne5 17. a5 Qc5 18. Ne4 Qc7 19. Be3 Rb8 20. Bb6 Rxb6 21. axb6
Qxb6 22. Qg1 Qxg1+ 23. Kxg1 g5 24. Rff1 b3 25. Ng3 Bd7 26. Nf5 Bxf5 27. Bxf5
bxc2 28. Rxa6 Rb8 29. Ra2 Rb5 30. Bxc2 Rxd5 31. Ra7 Kf8 32. Bxh7 Rd2 33. Rb7 d5
34. Rb5 Kg7 35. Be4 Ng4 36. Bxd5 Bf6 37. Rb4 Ne3 38. Rxf6 Kxf6 39. Bf3 g4 40.
Bc6 Kg5 41. Rb3 Nc4 42. Rb5+ Kf4 43. Rb4 Ke3 44. h3 Rd1+ 45. Kh2 Kf2 46. g3 Ne5
47. hxg4 Nxc6 48. Rf4+ Ke3 49. Rxf7 Nd4 50. Kg2 Rd2+ 51. Kh3 Nf3 52. Re7+ Kf2
53. g5 Nxg5+ 54. Kg4 Rxb2 55. Kxg5 Kxg3 1/2-1/2

[Event "Qatar Masters Open 2023"]
[Site "Doha QAT"]
[Date "2023.10.15"]
[Round "5.21"]
[White "Madaminov, Mukhiddin"]
[Black "Puranik, Abhimanyu"]
[Result "0-1"]
[WhiteTitle "IM"]
[BlackTitle "GM"]
[WhiteElo "2484"]
[BlackElo "2618"]
[WhiteFideId "14210703"]
[BlackFideId "5061245"]
[EventDate "2023.10.11"]

1. e4 e5 2. Nf3 Nc6 3. Bb5 a6 4. Ba4 Nge7 5. c3 Ng6 6. d4 exd4 7. cxd4 Bb4+ 8.
Nc3 d5 9. exd5 Bxc3+ 10. bxc3 Qxd5 11. Bb3 Qe4+ 12. Be3 O-O 13. O-O Bg4 14. Rb1
Nh4 15. Bc2 Qd5 16. c4 Qh5 17. Be4 Nxg2 18. Kxg2 Rae8 19. Bxc6 bxc6 20. h4 Re4
21. Rh1 Qf5 22. Kg3 h5 0-1

[Event "Qatar Masters Open 2023"]
[Site "Doha QAT"]
[Date "2023.10.15"]
[Round "5.22"]
[White "Pranav, V"]
[Black "Ravi, Teja S."]
[Result "1-0"]
[WhiteTitle "GM"]
[BlackTitle "IM"]
[WhiteElo "2579"]
[BlackElo "2448"]
[WhiteFideId "25060783"]
[BlackFideId "5017220"]
[EventDate "2023.10.11"]

1. e4 c6 2. d4 d5 3. e5 c5 4. Nf3 cxd4 5. Nxd4 Nc6 6. Nxc6 bxc6 7. Bd3 Qc7 8.
Qe2 e6 9. Nd2 Ne7 10. Nf3 Ng6 11. O-O Be7 12. Re1 O-O 13. h4 f6 14. exf6 Bxf6
15. g3 Qf7 16. h5 Nh8 17. Bf4 Qe7 18. c4 Nf7 19. Bc2 e5 20. cxd5 cxd5 21. Nxe5
Nxe5 22. Bxe5 Bxe5 23. Qxe5 Qf7 24. Qd4 Bh3 25. Bb3 Rad8 26. Re5 Kh8 27. h6 Qf6
28. hxg7+ Qxg7 29. Rd1 Bg4 30. Rxd5 Bxd1 31. Rxd8 Qxd4 32. Rxd4 Bxb3 33. axb3
Rb8 34. b4 Kg7 35. Kf1 Kg6 36. Ke2 h5 37. Ke3 Kg5 38. f3 Rb5 39. Rc4 Kg6 40.
Rc6+ Kg7 41. Rc4 Kg6 42. Rh4 Rf5 43. g4 hxg4 44. Rxg4+ Kh5 45. Rf4 Rb5 46. Kd3
Kg5 47. Rg4+ Kf5 48. Kc4 a6 49. Rh4 Rb6 50. Rh5+ Kf4 51. b5 Kxf3 52. bxa6 Rxa6
53. b4 1-0

[Event "Qatar Masters Open 2023"]
[Site "Doha QAT"]
[Date "2023.10.15"]
[Round "5.23"]
[White "Can, Emre"]
[Black "Srihari, L R"]
[Result "0-1"]
[WhiteTitle "GM"]
[BlackTitle "IM"]
[WhiteElo "2576"]
[BlackElo "2438"]
[WhiteFideId "6302181"]
[BlackFideId "46617116"]
[EventDate "2023.10.11"]

1. d4 d5 2. c4 c6 3. Nf3 Nf6 4. e3 Bf5 5. Nc3 e6 6. Nh4 Be4 7. f3 Bg6 8. Bd2
dxc4 9. Nxg6 hxg6 10. Bxc4 b5 11. Be2 Nbd7 12. Qc2 a6 13. f4 c5 14. Bf3 cxd4 15.
exd4 Rc8 16. Qd3 Be7 17. O-O O-O 18. Kh1 Rc4 19. Be3 Nb6 20. Rac1 Qd7 21. b3 Rc7
22. Ne2 Nbd5 23. Rxc7 Qxc7 24. Rc1 Qa5 25. Ra1 Ba3 26. g4 Rc8 27. g5 Nb4 28. Qd2
Nfd5 29. Bxd5 exd5 30. f5 Rc2 31. Qd1 gxf5 32. g6 fxg6 33. Nf4 Qc7 34. Qf3 g5
35. Rg1 gxf4 36. Bxf4 Qe7 37. Be5 Rc1 38. Qxf5 Rxg1+ 39. Kxg1 Nxa2 40. Qc8+ Qf8
41. Qe6+ Qf7 42. Qxa6 Qf3 43. Bg3 Qd1+ 44. Kg2 Qe2+ 45. Kh3 Bf8 0-1

[Event "Qatar Masters Open 2023"]
[Site "Doha QAT"]
[Date "2023.10.15"]
[Round "5.24"]
[White "Shimanov, Aleksandr"]
[Black "Saydaliev, Saidakbar"]
[Result "1-0"]
[WhiteTitle "GM"]
[BlackTitle "IM"]
[WhiteElo "2566"]
[BlackElo "2426"]
[WhiteFideId "4198603"]
[BlackFideId "14203693"]
[EventDate "2023.10.11"]

1. c4 Nf6 2. g3 e6 3. Bg2 d5 4. Nf3 Be7 5. d4 O-O 6. Qc2 a6 7. Bf4 c5 8. dxc5
Nbd7 9. Nc3 Nxc5 10. Rd1 Qa5 11. O-O Nce4 12. Nxe4 Nxe4 13. a3 Nf6 14. Ne5 Rd8
15. Qb3 Bd7 16. Nxd7 Rxd7 17. cxd5 exd5 18. Bh3 Rdd8 19. Qxb7 Re8 20. Be5 Qc5
21. e3 Qc2 22. Bg2 Qe2 23. Bxf6 Bxf6 24. Bxd5 Kh8 25. b4 Rab8 26. Qxf7 Re7 27.
Bc4 Qb2 28. Qh5 Re5 29. Qh3 Qxa3 30. Bd3 h6 31. Qg4 Qb3 32. Qg6 Qg8 33. Rc1 Rg5
34. Qe4 Re5 35. Qg4 Rg5 36. Qf4 Qf8 37. Qe4 g6 38. Rc6 Bg7 39. Rxg6 Rxb4 40.
Rxh6+ 1-0

[Event "Qatar Masters Open 2023"]
[Site "Doha QAT"]
[Date "2023.10.15"]
[Round "5.25"]
[White "Rasulov, Vugar"]
[Black "Panda, Sambit"]
[Result "0-1"]
[WhiteTitle "GM"]
[BlackTitle "IM"]
[WhiteElo "2560"]
[BlackElo "2395"]
[WhiteFideId "13402390"]
[BlackFideId "25091794"]
[EventDate "2023.10.11"]

1. d4 d5 2. Nf3 Nf6 3. c3 e6 4. Bf4 Bd6 5. e3 c5 6. Bd3 O-O 7. Nbd2 b6 8. Ne5
Qc7 9. Bg3 Bb7 10. O-O Nc6 11. f4 Ne7 12. Qf3 Nf5 13. Bf2 Be7 14. Qh3 Ne4 15.
Rad1 f6 16. Ng4 c4 17. Bc2 b5 18. Be1 Nfd6 19. Nf2 Qd7 20. Ndxe4 dxe4 21. g4 Bd5
22. Kh1 g6 23. Rg1 f5 24. Bd2 Rf7 25. Rg3 Kh8 26. gxf5 gxf5 27. Rdg1 Bf6 28. Rg6
Raf8 29. Rh6 Rg7 30. Rg3 Ne8 31. Bd1 Bd8 32. Qg2 Nf6 33. Nh3 Rxg3 34. hxg3 Qg7
35. Rh4 Ng4 36. Ng5 Bxg5 37. fxg5 Qxg5 38. Qf1 Nxe3 39. Qh3 Rf7 40. Be2 Rg7 41.
Rh5 Qxg3 42. Bxe3 e5 43. Bf1 Qxh3+ 44. Bxh3 Rg3 45. Bg1 e3+ 46. Kh2 e2 47. Bf2
Rf3 48. Kg1 e4 49. Bg2 Rd3 50. Rxf5 Rd1+ 51. Kh2 Rf1 52. Kg3 e3 53. Re5 Rxf2 0-1

[Event "Qatar Masters Open 2023"]
[Site "Doha QAT"]
[Date "2023.10.15"]
[Round "5.26"]
[White "Kaidanov, Gregory"]
[Black "Nurmanova, Alua"]
[Result "1-0"]
[WhiteTitle "GM"]
[BlackTitle "WIM"]
[WhiteElo "2554"]
[BlackElo "2347"]
[WhiteFideId "2008564"]
[BlackFideId "13729390"]
[EventDate "2023.10.11"]

1. d4 Nf6 2. c4 g6 3. Nc3 Bg7 4. e4 d6 5. h3 O-O 6. Be3 c5 7. Nf3 cxd4 8. Nxd4
a6 9. Be2 b6 10. Qd2 Bb7 11. f3 Nc6 12. Nxc6 Bxc6 13. O-O Nd7 14. Rac1 a5 15.
Bd1 Nc5 16. b3 Qb8 17. Rb1 Rc8 18. Be2 Qb7 19. Rfd1 Rf8 20. a3 Qc7 21. Bf1 Rfd8
22. b4 axb4 23. axb4 Na4 24. Ne2 b5 25. Nd4 bxc4 26. Bxc4 Bxd4 27. Qxd4 e5 28.
Qd2 Nb6 29. Bb3 d5 30. Rdc1 Nc4 31. Bxc4 dxc4 32. Qf2 Qb7 33. Rxc4 Bb5 34. Rc5
Bd3 35. Rb2 Ra1+ 36. Kh2 Qa6 37. b5 Qa3 38. Qh4 Qxb2 39. Qxd8+ Kg7 40. Rc8 1-0

[Event "Qatar Masters Open 2023"]
[Site "Doha QAT"]
[Date "2023.10.15"]
[Round "5.27"]
[White "Nitish, Belurkar"]
[Black "Lalit Babu M R"]
[Result "1/2-1/2"]
[WhiteTitle "IM"]
[BlackTitle "GM"]
[WhiteElo "2451"]
[BlackElo "2547"]
[WhiteFideId "5084768"]
[BlackFideId "5024595"]
[EventDate "2023.10.11"]

1. d4 Nf6 2. c4 e6 3. Nc3 Bb4 4. Qc2 d5 5. Nf3 O-O 6. Bg5 h6 7. Bxf6 Qxf6 8. a3
Bxc3+ 9. Qxc3 Nc6 10. e3 Re8 11. Rd1 dxc4 12. Bxc4 e5 13. d5 Nb8 14. Bb5 c6 15.
Be2 cxd5 16. Rxd5 Nc6 17. O-O Bf5 18. Rfd1 Rac8 19. Rc5 Be4 20. b4 a6 21. Nd2
Bf5 22. Nc4 Re6 23. a4 Rce8 24. Bf3 e4 25. Qxf6 Rxf6 26. Nd6 Ree6 27. Nxf5 exf3
28. b5 axb5 29. axb5 Re5 30. Rxe5 Nxe5 1/2-1/2

[Event "Qatar Masters Open 2023"]
[Site "Doha QAT"]
[Date "2023.10.15"]
[Round "5.28"]
[White "Yilmazyerli, Mert"]
[Black "Nitin, S."]
[Result "1/2-1/2"]
[WhiteTitle "GM"]
[BlackTitle "IM"]
[WhiteElo "2533"]
[BlackElo "2373"]
[WhiteFideId "6305962"]
[BlackFideId "5018277"]
[EventDate "2023.10.11"]

1. e4 c5 2. Nc3 Nc6 3. Nge2 g6 4. d4 cxd4 5. Nxd4 Bg7 6. Be3 Nf6 7. Bc4 O-O 8.
Bb3 d6 9. f3 Qa5 10. Qd2 Nxd4 11. Bxd4 Be6 12. O-O-O b5 13. Kb1 b4 14. Nd5 Bxd5
15. exd5 Qb5 16. Qd3 Qxd3 17. Rxd3 Nd7 18. Bxg7 Kxg7 19. Re1 Kf6 20. Rd4 a5 21.
Rf4+ Kg7 22. Rxe7 Ne5 23. Ba4 g5 24. Rd4 Kf6 25. Rb7 Rfb8 26. Rc7 Rc8 27. Rb7
Rcb8 28. Rc7 Rc8 29. Rb7 Rcb8 30. Rc7 Rc8 1/2-1/2

[Event "Qatar Masters Open 2023"]
[Site "Doha QAT"]
[Date "2023.10.15"]
[Round "5.29"]
[White "Ashraf, Artin"]
[Black "Vignesh, N R"]
[Result "1/2-1/2"]
[WhiteTitle "FM"]
[BlackTitle "GM"]
[WhiteElo "2340"]
[BlackElo "2527"]
[WhiteFideId "22514805"]
[BlackFideId "25012215"]
[EventDate "2023.10.11"]

1. d4 Nf6 2. c4 e6 3. Nf3 Bb4+ 4. Nbd2 b6 5. a3 Bxd2+ 6. Qxd2 a5 7. b3 Bb7 8. e3
O-O 9. Be2 d5 10. O-O Nbd7 11. Bb2 c5 12. Rfd1 Qe7 13. Ne5 Rfd8 14. Nxd7 Nxd7
15. dxc5 Nxc5 16. Qc3 Qg5 17. Bf3 a4 18. bxa4 d4 19. exd4 Nxa4 20. Qd2 Qxd2 21.
Rxd2 Bxf3 22. gxf3 h6 23. Rb1 Rac8 24. Rc2 Nxb2 25. Rbxb2 Rxd4 26. Rxb6 Rdxc4
27. Rxc4 Rxc4 28. Ra6 g5 29. Kg2 Kg7 30. Kg3 Kg6 31. h3 h5 32. Kh2 Rf4 33. Kg3
Kf5 34. Ra5+ e5 35. Ra7 Ke6 36. Ra6+ Kf5 37. Ra7 f6 38. Ra6 Rc4 39. Ra5 Rc6 40.
Ra4 h4+ 41. Kg2 Ke6 42. Ra5 Kd6 43. Ra8 Kc5 44. Rb8 Kc4 45. Rb4+ Kc3 46. Rb8 Ra6
47. Rb7 Kc4 48. Rb4+ Kc5 49. Rb3 Ra4 50. Rc3+ Kd5 51. Rb3 Ke6 52. Rb6+ Kf5 53.
Rb3 Rc4 54. Re3 Rc2 55. Rb3 Ra2 56. Kg1 e4 57. Kg2 exf3+ 58. Kxf3 Kg6 59. Kg2 f5
60. Rb6+ Kh5 61. Rb5 Kg6 62. Rb6+ Kf7 63. Rb5 Ke6 64. Rb6+ Ke5 65. Rb5+ Kf6 66.
Rb6+ 1/2-1/2